000 01241nam a22002657a 4500
001 75778
003 BD-RjUL
005 20211209082738.0
008 190703s2018 bg a|||| b||| 001 0 ben d
020 _a9789844410046
035 _a(BD-RjUL)75997
040 _aBD-RjUL
_beng
_cBD-RjUL
041 _aeng
082 _223
_a305.80095492
_bKAM 2018
245 _aকমলগঞ্জের ভাষা-বৈচিত্র্য /
_cসম্পাদনা মোহাম্মদ মাহমুদুল হক, সম্পাদনা সহযোগী আহমদ রিয়াজ ও শাহজাহান মানিক
260 _aকমলগঞ্জ :
_bউপজেলা প্রশাসন,
_c২০১৮
300 _a১৩৬ পৃ. :
_bচিত্র ;
_c২৪ সেমি.
504 _aবিবলিওগ্রাফি ও ইনডেক্স আছে
650 _aTribal
_z Bangladesh
_xSocial life and customs.
_9232184
650 _aTribes
_zBangladesh.
_9232185
700 _aহক, মোহাম্মদ মাহমুদুল
_9232186
700 _aরিয়াজ, আহমদ
_9232187
700 _aমানিক, শাহজাহান
_9232188
942 _2ddc
_cBK
999 _c75778
_d75778